Fenomenología de la ansiedad /

Detalles Bibliográficos
Autor principal: Micali, Stefano (Autor)
Otros Autores: Lastra, Antonio (Traductor)
Formato: Electrónico eBook
Lenguaje:español
inglés
Publicado: Barcelona : Herder Editorial, 2024.
Edición:1a edición digital.
Colección:Colección Fenomenología (Editorial Herder)
Materias:
Acceso en línea:Digitalia Hispánica

MARC

LEADER 00000nam a2200000Ii 4500
001 DIGHERDER0702
003 NyNyDIG
006 m o d
007 cr |||||||||||
008 240915s2024 sp a ob 000 0 spa d
035 |a (OCoLC)1434178840 
040 |a DGITA  |b eng  |e rda  |e pn  |c DGITA 
020 |a 9788425451072  |q ePub 
020 |z 9788425451065 
041 1 |a spa  |h eng 
050 1 4 |a BF575.A6 ebook 
100 1 |a Micali, Stefano,  |e author. 
240 1 0 |a Phenomenology of anxiety.  |l Spanish  |s (Lastra) 
245 1 0 |a Fenomenología de la ansiedad /  |c Stefano Micali ; traducción de Antonio Lastra. 
250 |a 1a edición digital. 
264 1 |a Barcelona :  |b Herder Editorial,  |c 2024. 
300 |a 1 online resource :  |b illustrations. 
336 |a text  |b txt  |2 rdacontent 
337 |a computer  |b c  |2 rdamedia 
338 |a online resource  |b cr  |2 rdacarrier 
347 |a text file  |2 rdaft 
347 |b EPUB 
490 1 |a Colección Fenomenología 
504 |a Includes bibliographical references. 
588 0 |a Online resource; title from ePub title page (Digitalia, viewed September 15, 2024) 
650 0 |a Anxiety. 
650 0 |a Phenomenology. 
700 1 |a Lastra, Antonio,  |e translator. 
700 1 |i Translation of:  |a Micali, Stefano.  |t Phenomenology of anxiety. 
776 0 8 |i Print version:  |a Micali, Stefano.  |s Phenomenology of anxiety. Spanish (Lastra).  |t Fenomenología de la ansiedad.  |b 1a edición digital.  |d Barcelona : Herder Editorial, 2024  |z 9788425451065 
791 2 |a Digitalia (Firm),  |e distributor. 
793 0 |g Digitalia eBook Collection:  |a Herder Editorial 
830 0 |a Colección Fenomenología (Editorial Herder) 
856 4 0 |3 Digitalia Hispánica  |u https://www.digitaliapublishing.com/a/157080/ 
910 |a Premium collection: 2024